Vývoj fúzií a akvizícií v Európe bakalárska práca

Salvato in:
Dettagli Bibliografici
Autore principale: Rajtar, Martin
Ente Autore: Fakulta podnikového manažmentu EU. Katedra podnikových financií
Altri autori: Kubričanová, Elena
Natura: Libro
Lingua:slovacco
Pubblicazione: Bratislava 2014
Tags: Aggiungi Tag
Nessun Tag, puoi essere il primo ad aggiungerne!!

MARC

LEADER 00000nbm a2200000 4500
001 0189692
005 20170201093549.9
041 0 |a slo 
044 |a SK 
245 1 0 |a Vývoj fúzií a akvizícií v Európe  |b bakalárska práca  |c Martin Rajtar ; školiteľ: Elena Kubričanová 
264 1 |a Bratislava  |c 2014 
300 |a 51 s. 
100 1 |a Rajtar, Martin 
700 1 |a Kubričanová, Elena 
710 2 |a Fakulta podnikového manažmentu EU. Katedra podnikových financií